000 01466nam a2200325 a 4500
999 _c184908
_d184908
003 BLK
005 20240405005354.0
008 180411b bul|||||r ||||||| ||bul||
010 _aKNG00193885000
040 _aBLK
041 _aBUL
_cBUL
080 _aВътрешна политика. Вж и 329
_b323
_x(497.2)
_z323(497.2)
100 _aЖивков, Тодор Христов
_d1911 - 1998
_gБългарски политик, БКП. Първи секретар и генерален секретар на ЦК на БКП, председател на Министерския съвет и председател на Държавния съвет на НРБ
_9365041
139 _aЖивков, Тодор Христов
_bЖ 48
245 1 0 _a20 години социалистическа революция в България
_bДоклад на търж. заседание на VIII юбил. сесия на Нар. събрание, 8 септ. 1964 г.
_cТодор Христов Живков.
257 _aBGR
260 _bБКП
_c1964
_aСофия
300 _a48 с.
_c20 см
380 _a3
500 _a37 220 тир.
653 _aвътрешна политика
653 _aБългария
852 _aЦб 31890
_bЦб
856 4 _qpdf
856 4 _qpdf
942 _cKNG
_n0
_s1
944 _aCR
_c19.10.2016
_k
_lCRON CRON
944 _aED
_c19.10.2016
_kНаталия_Любомирова
999 _d184908